Θεμιστοκλής Σοφούλης : πρωθυπουργός της Ελλάδος : ο δάσκαλος, ο επαναστάτης, ο πολιτικός, ο πολέμαρχος

Αποθηκεύτηκε σε:
Λεπτομέρειες βιβλιογραφικής εγγραφής
Κύριος συγγραφέας: Πτίνης, Κώστας Ι., 1912-1996
Μορφή: Βιβλίο
Γλώσσα:Greek
Δημοσίευση: Αθήνα : [χ.ο], 1994.
Θέματα:
Ετικέτες: Προσθήκη ετικέτας
Δεν υπάρχουν, Καταχωρήστε ετικέτα πρώτοι!

MARC

LEADER 00000cam a2200000 i 4500
001 1/59163
008 960119s1994 gre d
035 |a 1995  |c ΒΙΒΛΙΟΘΗΚΗ  |l 10046033 
040 |a GR-MY-UA  |b gre  |e aacr 
041 0 |a gre 
082 0 |a 938.975092 
100 1 |a Πτίνης, Κώστας Ι.,   |d 1912-1996. 
245 1 0 |a Θεμιστοκλής Σοφούλης :   |b πρωθυπουργός της Ελλάδος : ο δάσκαλος, ο επαναστάτης, ο πολιτικός, ο πολέμαρχος /   |c Κώστα Ι. Πτίνη ; προλογίζει ο Ι. Ράλλης. 
260 |a Αθήνα :   |b [χ.ο],   |c 1994. 
300 |a 198 σ. :   |b εικ. ;   |c 24 εκ. 
504 |a Βιβλιογραφία: σ.199-200. 
600 1 0 |a Σοφούλης, Θεμιστοκλής Π.,   |d 1860-1949. 
651 0 |a Greece  |x Politics and government  |y 1913-1917. 
651 0 |a Greece  |x Politics and government  |y 1917-1935. 
651 0 |a Greece  |x Politics and government  |y 1935-1967. 
852 |a INST  |b SAMOS  |e 19960119  |h 938.975092 ΠΤΙ  |p 005300004430  |q 005300004430  |t BK  |y 0 
852 |a INST  |b SAMOS  |e 20060331  |h 938.975092 ΠΤΙ  |p 005300024508  |q 005300024508  |t BK  |y 0 
901 |a BIBL3-2006-1 
970 |a ΚΟΣΙΕΡΗΣ  |b ΧΡΗΣΤΟΣ  |z 2006/03/31